Alcoholismo y farmacodependencia

Guardat en:
Dades bibliogràfiques
Autor principal: Madden, J.S
Format: Llibre
Idioma:espanyol
Publicat: El Manual Moderno. c1986.
Edició:2ª ed.
Matèries:
Etiquetes: Afegir etiqueta
Sense etiquetes, Sigues el primer a etiquetar aquest registre!

MARC

LEADER 00000nam a22000005a 4500
001 5526
003 CL-ChBUA
005 20120815102922.0
008 070301s1986 mx 000 0 spa
020 |a 9684263724 
040 |a CL-ChBUA  |c CL-ChBUA 
082 0 0 |a 616.861 
090 |c 5526  |d 5526 
100 1 |a Madden, J.S. 
245 1 0 |a Alcoholismo y farmacodependencia 
250 |a 2ª ed. 
260 |b El Manual Moderno.  |c c1986. 
300 |a 351 p.  |c 23 cm. 
504 |a Indice. 
650 4 |a ALCOHOLISMO. 
942 |c LIB 
952 |0 0  |1 0  |4 0  |7 0  |9 8221  |a UNACH  |b UNACH  |c 600  |d 2007-03-05  |i 23.560.  |l 4  |m 4  |o 616.861 / M 179.  |p 9220  |r 2023-05-18 00:00:00  |s 2021-10-28  |u 8221  |w 2012-08-08  |y LIB  |k 616.861 / M 179. 
999 |c 5526  |d 5526